000 00719nam a2200217Ii 4500
003 JO-AjNU
005 20240504093601.0
008 230605s9999||||xx |||||||||||||| ||und||
040 _aJO-AjNU
_bara
_erda
_cJO-AjNU
041 _aara
050 1 4 _aPJ7864.A42.Z542 1900
100 3 _aالملثم،البدوي,
_eauthor
_910824
245 0 0 _aعرار شاعر الأردن
_cتأليف ، البدوي الملثم
264 3 1 _aد.م: د.ن، 1900
300 _a340ص
336 _atext
_btxt
_2rdacontent
337 _aunmediated
_bn
_2rdamedia
338 _avolume
_bnc
_2rdacarrier
650 4 _aالشعر العربي - الشعراء الأردنيين - تراجم - تاريخ ونقد
_910825
942 _2lcc
_cBK
999 _c5574
_d5574